000 00356nam a2200157Ia 4500
003 Ost
005 20260225132557.0
008 260225s9999||||xx |||||||||||||| ||und||
040 _cfsic
041 _afre
082 _a440
100 _aVan Staevel,Elvire
_eAuteur
245 0 _aLa pollution sauvage /
245 0 _cVan Staevel,Elvire
942 _cكتاب
999 _c34544
_d34544